000
00346 a2200169 4500
001
183445
020
_a
85-356-0615-7
040
_c
Magnum
100
_a
Shuravel, May
240
1
0
_a
O papo do sapo
_l
por
245
1
0
_a
O papo do sapo
300
_a
22
362
0
_a
2004
440
1
_a
Paulinas
697
_a
LITERATURA INFANTIL
942
_c
BK
999
_c
183445
_d
183445